000 00840nam a22002057a 4500
999 _c194202
_d194202
005 20230302151349.0
010 _aB-746505-509 E.N.A. / 7.11.22
020 _a9789356223585
_c795.00
035 _aB-746505-509
037 _bTaxmann
082 _a343.93055
100 _aSinghania, Vinod K.
245 _aTaxmann Students' Guide To GST & Customs Law/
_cby Vinod K. Singhania
250 _a9th
260 _aNew Delhi
_bTaxmann
_c2022
270 _a59/32, New Rohtak road, New Delhi -110005
_bNew Delhi
_e110005
_k911145562222
_msales@taxmann.com
300 _a335p.
_c28cm(pbk)
942 _2ddc
_cEN
_mSIN
_h343.93055